Ensayo sobre las aportaciones orientales en la España musulmana : y su influencia en la formación de la cultura hispano-árabe /

محفوظ في:

المؤلف الرئيسي: Makkī, Maḥmūd ʻAlī (مؤلف)

التنسيق: كتاب

اللغة: Spanish

منشور في: [Madrid] : Imprimerie del Instituto de Estudios Islámicos, [1968].

سلاسل: Publicaciones del Instituto de Estudios Islámicos en Madrid.

الموضوعات:

الوسوم: إضافة وسم

لا توجد وسوم, كن أول من يضع وسما على هذه التسجيلة!

رقم الطلب: DP103 .M34 1968

LEADER 00916nam a2200265I 4500
001 7356
003 OSt
005 20260122072130.0
008 130303s1968 sp b 000 0 spa d
010 |a 78270735 
035 |a ocm03334819 
040 |c ARCE Library 
043 |a e-sp--- 
050 4 |a DP103 .M34 1968 
100 1 |a Makkī, Maḥmūd ʻAlī,  |e author 
245 1 0 |a Ensayo sobre las aportaciones orientales en la España musulmana :  |b y su influencia en la formación de la cultura hispano-árabe /  |c Mahmūd ʻAlī Makkī. 
264 1 |a [Madrid] :  |b Imprimerie del Instituto de Estudios Islámicos,  |c [1968]. 
300 |a ix, 340 pages ;  |c 25 cm. 
490 0 |a Publicaciones del Instituto de Estudios Islámicos en Madrid. 
500 |a A revision of the author's thesis, Madrid. 
504 |a Bibliography : pages 287-302. 
650 0 |a Arabs  |z Spain. 
901 |a reviewed 
942 |c BK  |2 lcc 
999 |c 4671  |d 4671